Loading...
| History - American | 0 | 6 | 1 | 1 | 55 | 91 | 112.00 | 1 | 6 | 0.00 | 0.00 |
| History - European | 0 | 3 | 0 | 2 | 30 | 58 | 105.00 | 1 | 3 | 0.00 | 0.00 |
| History - World | 0 | 2 | 0 | 1 | 20 | 82 | 103.00 | 1 | 2 | 0.00 | 0.00 |
| Geography | 0 | 2 | 1 | 1 | 15 | 78 | 102.00 | 0 | 2 | 0.00 | 0.00 |
| Social Science | 0 | 1 | 0 | 1 | 10 | 125 | 125.00 | 1 | 1 | 0.00 | 0.00 |
| Fine Arts - Painting and Sculpture | 0 | 1 | 0 | 0 | 10 | 99 | 99.00 | 0 | 1 | 0.00 | 0.00 |
| History - Other | 0 | 1 | 0 | 1 | 10 | 141 | 141.00 | 0 | 1 | 0.00 | 0.00 |
| Current Events | 0 | 1 | 0 | 1 | 10 | 121 | 121.00 | 1 | 1 | 0.00 | 0.00 |
| Religion | 0 | 1 | 0 | 1 | 10 | 146 | 146.00 | 0 | 1 | 0.00 | 0.00 |
| Science - Biology | 0 | 1 | 0 | 0 | 10 | 122 | 122.00 | 0 | 1 | 0.00 | 0.00 |
| Philosophy | 0 | 0 | 0 | 0 | 0 | 0.00 | 0 | 0 | 0.00 | 0.00 |